| 000 | 00843nam a2200253Ia 4500 | ||
|---|---|---|---|
| 003 | OSt | ||
| 005 | 20220918170448.0 | ||
| 006 | a|||||r|||| 00| 0 | ||
| 007 | ta | ||
| 008 | 220917b |||||||| |||| 00| 0 eng d | ||
| 020 |
_a9780230622746 (hbk) _c4147.80 |
||
| 024 | _a242,269 | ||
| 037 |
_b9508, 15/06/2010, Elite Publishers Distributors _cTextual |
||
| 040 |
_aARTS _cARTS _beng |
||
| 041 |
_2eng _aeng |
||
| 082 | _aV658,3wN17, Q0(906) | ||
| 100 |
_aMacola Giacomo _929203 |
||
| 245 | 0 |
_aLiberal nationalism in Central Africa _b Biography of Harry Mwaanga Nkumbula |
|
| 260 |
_aNew York _bPalgrave Macmillan USA _c2010 |
||
| 300 |
_axiv,224p. _ccm. |
||
| 650 | _aHISTORY | ||
| 942 |
_hV658,3wN17, Q0(906) _cTEXL _2CC |
||
| 999 |
_c134259 _d134259 |
||